书目信息 |
| 题名: |
恨相逢之战国之恋
|
|
| 作者: | 维维比尔 著 | |
| 分册: | ||
| 出版信息: | 郑州 河南文艺出版社 2007 |
|
| 页数: | 311页 | |
| 开本: | 24cm | |
| 丛书名: | ||
| 单 册: | ||
| 中图分类: | I247.59 | |
| 科图分类: | ||
| 主题词: | 长篇小说--chang pian xiao shuo--中国--现代 | |
| 电子资源: | ||
| ISBN: | 978-7-80623-827-1 | |
| 000 | 00656nam0 2200217 450 | |
| 001 | 003688013 | |
| 005 | 20080129162953.0 | |
| 010 | @a978-7-80623-827-1@dCNY25.00 | |
| 100 | @a20080118d2007 em y0chiy0110 ea | |
| 101 | 0 | @achi |
| 102 | @aCN@b410000 | |
| 105 | @aa z 000ay | |
| 106 | @ar | |
| 200 | 1 | @a恨相逢之战国之恋@Ahen xiang feng zhi zhan guo zhi lian@f维维比尔 (Vivibear)著 |
| 210 | @a郑州@c河南文艺出版社@d2007 | |
| 215 | @a311页@c彩图@d24cm | |
| 606 | 0 | @a长篇小说@Achang pian xiao shuo@y中国@z现代 |
| 690 | @aI247.59@v4 | |
| 701 | 0 | @a维维比尔@Awei wei bi er@g(Vivibear)@4著 |
| 801 | 0 | @aCN@b@c20080118 |
| 905 | @b673921-3@dI247.59@eW538@f3 | |
| 恨相逢之战国之恋/维维比尔 (Vivibear)著.-郑州:河南文艺出版社,2007 |
| 311页:彩图;24cm |
| ISBN 978-7-80623-827-1:CNY25.00 |
| ● |
| 相关链接 |
|
|
|
正题名:恨相逢之战国之恋
索取号:I247.59/W538
 
预约/预借
| 序号 | 登录号 | 条形码 | 馆藏地/架位号 | 状态 | 备注 |
| 1 | 673921 | 206739216 | 文学库108/108文学库 57排7列2层/ [索取号:I247.59/W538] | 在馆 | |
| 2 | 673922 | 206739225 | 文学库108/108文学库 57排7列2层/ [索取号:I247.59/W538] | 在馆 | |
| 3 | 673923 | 206739234 | 文学库108/108文学库 57排7列2层/ [索取号:I247.59/W538] | 在馆 |